| 000 | 00889nam a2200205 a 4500 | ||
|---|---|---|---|
| 005 | 20140414132102.0 | ||
| 008 | 100722s19uu xx 00 eng d | ||
| 020 | _a978-1-84835-315-2 | ||
| 050 |
_aM 327.12 _bG54 2008 |
||
| 100 | _aGilbert, Adrian | ||
| 245 | _aTop technnology. | ||
| 260 |
_aLondon : _bQED, _c2008. |
||
| 300 | _a32 p. | ||
| 440 | _aSpy files | ||
| 500 | _aIncludes index. Issued also in French under title: Technologie de pointe. | ||
| 520 | _aLearn the thrilling histories underlying tech developments and their contribution to covert operations. Primary sources like newspaper clippings and book excerpts augument the text, while "Top Secret Fact" boxes offer surprising details of life in the "underworld." | ||
| 650 | _aEspionage --Equipment and supplies --Juvenile literature. | ||
| 650 | _aEspionage --History --Juvenile literature. | ||
| 999 |
_c114496 _d114496 |
||